Vyhodnocovanie rizikových investičných projektov bakalárska práca

Gespeichert in:
Bibliographische Detailangaben
1. Verfasser: Čukovič, Ladislav
Körperschaft: Fakulta hospodárskej informatiky EU. Katedra matematiky
Weitere Verfasser: Pinda, Ľudovít, 1958-
Format: Buch
Sprache:Slowakisch
Veröffentlicht: Bratislava 2009
Tags: Tag hinzufügen
Keine Tags, Fügen Sie das erste Tag hinzu!

MARC

LEADER 00000nam$a2200000$$$4500
001 0103723
005 20240318135755.1
041 0 |a slo 
044 |a SK 
245 1 0 |a Vyhodnocovanie rizikových investičných projektov  |b bakalárska práca  |c Ladislav Čukovič ; škol. Ľudovít Pinda 
264 1 |a Bratislava  |c 2009 
300 |a 47 s. 
100 1 |a Čukovič, Ladislav 
700 1 |a Pinda, Ľudovít, 1958- 
710 2 |a Fakulta hospodárskej informatiky EU. Katedra matematiky